Veľký autoatlas Európy 1:500 000, 1:1 500 000
Gespeichert in:
| Format: | Buch |
|---|---|
| Sprache: | Slowakisch |
| Veröffentlicht: |
Wien
Freytag-Berndt
[2003]
|
| Schlagworte: | |
| Online-Zugang: | Im OPAC anzeigen |
| Tags: |
Keine Tags, Fügen Sie das erste Tag hinzu!
|
MARC
| LEADER | 00000nam a2200000 a 4500 | ||
|---|---|---|---|
| 005 | 20260127133926.0 | ||
| 008 | 060323 b.r. au 000 0 slo d | ||
| 020 | |a 3707900169 | ||
| 035 | |a vtls008633957 | ||
| 039 | 9 | |y 200603231140 |z mschk03 | |
| 040 | |a STUSCHK1 |b slo |c STUSCHK1 |e AACR2 | ||
| 080 | |a 912(437) | ||
| 245 | 1 | |a Veľký autoatlas Európy |b 1:500 000, 1:1 500 000 | |
| 260 | |a Wien |b Freytag-Berndt |c [2003] | ||
| 300 | |a [nepr.str.] | ||
| 650 | 0 | |a autoatlas |x Európa | |
| 910 | |a SCHK95 | ||
| 919 | |a 3-7079-0016-9 | ||
| 999 | |c 172 |d 172 | ||